Vista normal
Vista MARC
Entrada Nombre Corporativo
Número de registros utilizados en: 18
001 - Número de Control
- control field: 19832
003 - Identificador de Número de Control
- control field: EcQuBN
005 - Fecha y Hora de la última transacción
- control field: 20150604041609.0
008 - Elementos de Datos de Longitud Fija
- fixed length control field: 150311|| aca||aabn | a|a d
040 ## - Origen de la Catalagación
- Agencia catalogadora original: EcQuBN
- Idioma de la catalogación: spa
110 1# - Asiento Principal--Nombre Corporativo
- Nombre corporativo o de la jurisdicción como elemento de asiento : Ecuador.
- Unidad subordinada : : Ministerio de Cultura
410 2# - SEE FROM TRACING--CORPORATE NAME
- Corporate name or jurisdiction name as entry element: Ministerio de Cultura (Ecuador)
510 1# - Trazado Véase También Desde--Nombre Corporativo
- Nombre corporativo o de la jurisdicción como elemento de asiento :: Ecuador
- Unidad Subordinada :: Ministerio de Cultura y Patrimonio
670 ## - Fuente de la Información Encontrada
- Fuente citada :: Memorias del Feriado Bancario en cuento y caricatura, 2013 :
- Informacion encontrada :: pasta, (Ministerio de Cultura)























